000 00271nam a2200109Ia 4500
008 231212s1960 xx 000 0 und d
041 _aeng
082 _a621.3817
100 _aLeventhal L.A.
245 _aIntroduction To Microprocessor
260 _aLondon
_bMcGrowh
_c1960
999 _c958715
_d958715